000 00287nam a2200121Ia 4500
008 191201s2012 xx 000 0 und d
100 _aSINGLA, RK
245 0 _aFundamentals of Management
260 _c2012
_bv.k.Enterprises
_aN. delhi
300 _a292
650 _aME
942 _2ddc
_cBB
999 _c7573
_d7573